[Event "SRB-chT"]
[Site "Kragujevac"]
[Date "2016.09.24"]
[Round "3.1"]
[White "Kumic, Filip"]
[Black "Radivojevic, Ivan"]
[Result "1-0"]
[WhiteElo "2331"]
[BlackElo "2390"]
[PlyCount "81"]
[EventDate "2016.09.22"]
[EventType "team-tourn"]
[EventRounds "11"]
[EventCountry "SRB"]
[SourceTitle "CBM 174 Extra"]
[Source "ChessBase"]
[SourceDate "2016.10.10"]
[SourceVersion "1"]
[SourceVersionDate "2016.10.10"]
[SourceQuality "1"]
[WhiteTeam "Spartak"]
[BlackTeam "Pozega"]
[WhiteTeamCountry "SRB"]
[BlackTeamCountry "SRB"]

1. Nf3 Nf6 2. c4 e6 3. Nc3 Bb4 4. g4 b6 5. Qc2 Bb7 6. g5 Nh5 7. Rg1 Bxf3 8. exf3 Nc6 9. Qe4 Qe7 10. Nb5 Bd6 11. d4 a6 12. Nc3 g6 13. Be3 Bb4 14. a3 Bxc3+ 15. bxc3 0-0 16. Be2 b5 17. d5 Na5 18. cxb5 axb5 19. Bxb5 Qd6 20. dxe6 c6 21. exf7+ Rxf7 22. Bc4 Nxc4 23. Qxc4 Qxh2 24. 0-0-0 Qc7 25. Bc5 d5 26. Qd4 Rf4 27. Qe3 Qf7 28. Bd4 Re8 29. Qd2 Qf8 30. Qa2 Rxf3 31. Rge1 Nf4 32. Rxe8 Qxe8 33. Be3 Ng2 34. Bd4 Qe4 35. Qc2 Qe7 36. Qa4 Qxg5+ 37. Kb1 Qf5+ 38. Ka1 Qd7 39. Rb1 Rf8 40. Qa6 Qc8 41. Qa7 1-0

[Event "SRB-chT"]
[Site "Kragujevac"]
[Date "2016.09.22"]
[Round "1.1"]
[White "Kumic, Filip"]
[Black "Bozic, Milan"]
[Result "1/2-1/2"]
[WhiteElo "2331"]
[BlackElo "2390"]
[PlyCount "32"]
[EventDate "2016.09.22"]
[EventType "team-tourn"]
[EventRounds "11"]
[EventCountry "SRB"]
[SourceTitle "CBM 174 Extra"]
[Source "ChessBase"]
[SourceDate "2016.10.10"]
[SourceVersion "1"]
[SourceVersionDate "2016.10.10"]
[SourceQuality "1"]
[WhiteTeam "Spartak"]
[BlackTeam "Sveti Nikolaj Srpski"]
[WhiteTeamCountry "SRB"]
[BlackTeamCountry "SRB"]

1. d4 d6 2. Nf3 Bg4 3. e4 Nf6 4. Qd3 c6 5. Qe3 e5 6. c3 Be7 7. Bd3 Nbd7 8. Nbd2 0-0 9. h3 Bh5 10. 0-0 Re8 11. Re1 Bf8 12. dxe5 dxe5 13. Nb3 Bg6 14. Nh4 a5 15. Nxg6 hxg6 16. a4 Nc5 1/2-1/2